Patrones de corresidencia con familiares en el Brasil, 1960-2010 (Registro nro. 33388)
[ vista simple ]
| 000 -LEADER | |
|---|---|
| fixed length control field | 00431 a2200133 4500 |
| 001 - CONTROL NUMBER | |
| control field | ART_48437 |
| 005 - DATE AND TIME OF LATEST TRANSACTION | |
| control field | 20260410162024.0 |
| 008 - FIXED-LENGTH DATA ELEMENTS--GENERAL INFORMATION | |
| fixed length control field | 260409a |
| 100 1# - MAIN ENTRY--PERSONAL NAME | |
| Personal name | de Araújo Cunha, Mariana |
| 245 10 - TITLE STATEMENT | |
| Title | Patrones de corresidencia con familiares en el Brasil, 1960-2010 |
| 700 1# - ADDED ENTRY--PERSONAL NAME | |
| Personal name | Wajnman, Simone |
| 700 1# - ADDED ENTRY--PERSONAL NAME | |
| Personal name | Turra, Cassio M. |
| 773 0# - HOST ITEM ENTRY | |
| Title | Notas de población |
| Related parts | - Año XLV, Nº 107 (jul./dic. 2018) |
| Record control number | REV41841 |
No hay ítems disponibles.